Najpopularniejsze marki samochodów w Polsce - Statystyki

Ogólne statystyki
  • Ten quiz został rozwiązany 126 razy
  • Średni wynik to 11 z 15
Statystyki odpowiedzi
pierwsza litera Ranga odpowiedź % Poprawnych
T 1 Toyota
93%
B 8 BMW
90%
V 3 Volkswagen
90%
H 5 Hyundai
86%
K 4 Kia
86%
A 6 Audi
83%
F 13 Ford
83%
V 11 Volvo
83%
D 10 Dacia
79%
M 7 Mercedes-Benz
79%
S 2 Skoda Auto
75%
M 15 Mazda
73%
R 9 Renault
68%
L 12 Lexus
49%
C 14 Cupra
8%
Nie znaleziono quizów pasujących do podanych kryteriów
Rozkład punktacji
Procent ludzi z każdym wynikiem
Percentyl według liczby udzielonych odpowiedzi
Twoja historia wyników
Nie rozwiązałeś tego quizu